| 000 | 00372nam a2200157Ia 4500 | ||
|---|---|---|---|
| 008 | 210716s2005 xx 000 0 und d | ||
| 041 | _aeng | ||
| 082 | _a658.4062 RAVN | ||
| 100 | _aRavi, N. | ||
| 245 | _aHindu speaks on scientific facts | ||
| 250 | _a1 | ||
| 260 |
_aChennai _bKasturi and Sons Ltd _c2005 |
||
| 300 | _axiii,356 | ||
| 440 | _vI | ||
| 700 | _aRavi, N. | ||
| 999 |
_c201667 _d201667 |
||